Homer at the Bat Quiz Stats

 Plays Quiz Updated Mar 8, 2019

Score 0/9 Timer 02:00
3 Plays Today
Ailment Player % Correct
Benched at the end of the gameDarryl Strawberry
81.7%
GigantismKen Griffey, Jr.
77.5%
Hypnotized into thinking he is a chickenRoger Clemens
72%
Disappears in the 'Springfield mystery spot'Ozzie Smith
63.9%
Kicked off the team because of his 'sideburns' Don Mattingly
62.6%
Rescuing a woman and her stuff from a fireJosé Canseco
62.4%
Knocked out by BarneyWade Boggs
59.8%
Arrested by the Springfield PoliceSteve Sax
53.1%
Radiation poisoning Mike Scioscia
27%

You're not logged in!

Compare scores with friends on all Sporcle quizzes.
OR
Log In

Sporcle TV

Today on Sporcle TV


Watch our educational content, quiz creation guides, and fun videos on Sporcle TV.

Show Comments

Extras

Top Quizzes Today


Score Distribution

Your Account Isn't Verified!

In order to create a playlist on Sporcle, you need to verify the email address you used during registration. Go to your Sporcle Settings to finish the process.

Report this User

Report this user for behavior that violates our Community Guidelines.

Details: